00485nam a2200169Ia 4500008004100000020002000041040001900061041001200080082003000092100001400122245005300136260003200189300003600221504002400257650002400281850001000305131103s9999 xx 000 0 und d aSBN : 582328047 aLoreto College aEnglish a370.942/DENb LCLIB/21258 aDent,H.C. aCentury of growth in english educationcH.C.Dent aLondonbLongman Groupc1970 ax,182 p.b illus,photosc 9 cm. a2nd impression 1971 aEducation - England aLCLIB